000 01465nab a22002777a 4500
999 _c6357
_d6357
003 OSt
005 20260131195153.0
008 190603e xxum|||| |||| 00| 0 spa d
040 _cPJ
100 _96043
_aSchiavo, Carlos A.
245 1 0 _aExclusiones de cobertura y causalidad /
_cCarlos A. Schiavo.
260 _cCiudad Autónoma de Buenos Aires :
_aThomson Reuters La Ley,
_b2025.
300 _ap. 104-118
500 _aCita: TR LALEY AR/DOC/2868/2025 Publicado en: RCCyC 2025 (Diciembre).
505 _aSumario: I. Introducción.— II. El seguro como contrato aleatorio.— III. La probabilidad constitutiva del alea y el riesgo como objeto asegurado en el contrato.— IV. De las llamadas exclusiones.— V. De las cargas y caducidades.— VI. Análisis general de los hechos, actos y daños no asegurados.— VII. ¿Debe haber relación causal entre lo no asegurado y el hecho siniestral?— VIII. Conclusiones.
505 _t¿Te interesa el texto completo? Solicitalo al correo: koha@justierradelfuego.gov.ar
650 0 _91497
_aCODIGO CIVIL Y COMERCIAL
650 0 _91467
_aRESPONSABILIDAD CIVIL
650 0 _91923
_aLEY DE SEGUROS
650 0 _91921
_aSEGUROS
650 0 _aCOBERTURA DEL SEGURO
650 0 _aSINIESTRO
_93573
650 0 _aDEFENSA DEL CONSUMIDOR
_92597
773 0 _02713
_93170
_dCiudad Autónoma de Buenos Aires : Thomson Reuters La Ley, 2015-
_tRevista Código Civil y Comercial. Nº 6 - Diciembre 2025
942 _2udc
_cANA